Witamy w Bibliotece Naukowej Instytutu Łączności!

Proektirovanie ustrojstv fil'tracii radiosignalov / (Rekord nr 7644)

000 -LEADER
fixed length control field 00447 a2200109 4500
100 1# - MAIN ENTRY--PERSONAL NAME
Personal name Kazarinov, Ju.M..
Relator term Autor
245 0# - TITLE STATEMENT
Title Proektirovanie ustrojstv fil'tracii radiosignalov /
Statement of responsibility, etc Kazarinov Ju.M., Sokolov A.I., Jurcenko Ju.S..
260 ## - PUBLICATION, DISTRIBUTION, ETC. (IMPRINT)
Place of publication, distribution, etc Leningrad :
Name of publisher, distributor, etc Izdat. Leningradskogo Universiteta,
Date of publication, distribution, etc 1985.
300 ## - PHYSICAL DESCRIPTION
Extent 160 s.:
Other physical details il.;
Dimensions 21 cm.
700 1# - ADDED ENTRY--PERSONAL NAME
Personal name Sokolov, A.I..
Relator term Autor
700 1# - ADDED ENTRY--PERSONAL NAME
Personal name Jurcenko, Ju.S..
Relator term Autor
710 2# - ADDED ENTRY--CORPORATE NAME
Corporate name or jurisdiction name as entry element Izdat. Leningradskogo Universiteta.
Relator term Wydawca
Relator code pbl

Brak dostępnych egzemplarzy.

Działa dzięki Koha